A second inquiry, into the nature and design of Christian baptism : Intended as a vindication and further illustration, of the sentiments advanced in a former inquiry, on the same subject. /

Bibliographic Details
Main Author: Strong, Cyprian, 1743-1811
Format: eBook
Language:English
Series:Early American imprints. Evans (1639-1800) ; no. 31244.
Subjects:
Online Access:Evans Digital Edition

MARC

Tag First Indicator Second Indicator Subfields
LEADER 00000cam a2200000 a 4500
001 in00002161925
006 m e d #
007 cr mn mmmmabba
008 830502s1796 ctu s 000 0 eng d
005 20260330214550.5
035 |z t056516 
035 |z w029099 
035 |a MAAR8305023605B 
035 |9 mwa91-9040 
035 |a 345385 
035 |a aas03029099 
040 |a MWA  |c MWA  |e bdrb  |d UtOrBLW 
100 1 |a Strong, Cyprian,  |d 1743-1811. 
245 1 2 |a A second inquiry, into the nature and design of Christian baptism :  |b Intended as a vindication and further illustration, of the sentiments advanced in a former inquiry, on the same subject. /  |c By Cyprian Strong, A.M. Pastor of the First Church in Chatham. 
264 3 |a Hartford :  |b Printed by Hudson and Goodwin,  |c 1796. 
300 |a 117 pages, 3 unnumbered pages ;  |c 23 cm. (octavo) 
336 |a text  |b txt  |2 rdacontent 
337 |a computer  |b c  |2 rdamedia 
338 |a online resource  |b cr  |2 rdacarrier 
500 |a In answer to: West, Stephen. Inquiry into the ground and import of infant baptism. 
500 |a Printers' monogram device on title page. 
500 |a Errata note, page [118]. 
510 4 |a Evans  |c 31244 
510 4 |a Trumbull, J.H. Connecticut,  |c 1447 
530 |a Microform version available in the Readex Early American Imprints series. 
533 |a Electronic text and image data.  |b [Chester, Vt. :  |c Readex, a division of Newsbank, Inc.,  |d 2002-2004.  |e Includes files in TIFF, GIF and PDF formats with inclusion of keyword searchable text.  |f (Early American imprints. First series ; no. 31244). 
500 |a Electronic resource. 
600 1 0 |a West, Stephen,  |d 1735-1819.  |t Inquiry into the ground and import of infant baptism. 
600 1 0 |a Strong, Cyprian,  |d 1743-1811.  |t Inquiry : wherein, the end and design of baptism. 
650 0 |a Baptism. 
650 0 |a Infant baptism. 
650 0 |a Church polity. 
752 |a United States  |b Connecticut  |d Hartford. 
830 0 |a Early American imprints.  |n Series I,  |p Evans (1639-1800) ;  |v no. 31244. 
856 4 1 |u http://proxy.library.tamu.edu/login?url=https://opac.newsbank.com/select/evans/31244  |y Evans Digital Edition  |t 0 
999 |a MARS 
999 f f |s 0e86335a-294e-3cb6-9d61-e5b34de96ae0  |i 4bf5b728-2a4d-3ada-aeb5-acd46dc53a5b  |t 0 
952 f f |a Texas A&M University  |b College Station  |c Electronic Resources  |s www_evans  |d Available Online  |t 0  |h No information provided 
998 f f |t 0  |l Available Online